<?xml version="1.0" encoding="UTF-8"?>
<collection xmlns="http://www.loc.gov/MARC21/slim">
 <record>
  <leader>07037nam a2200445 a 4500</leader>
  <controlfield tag="001">1/48453</controlfield>
  <controlfield tag="008">190304s2015    gr adf   b    00010 gre  </controlfield>
  <datafield tag="020" ind1=" " ind2=" ">
   <subfield code="a">9789606034602 (Ηλεκτρονικό βιβλίο)</subfield>
  </datafield>
  <datafield tag="035" ind1=" " ind2=" ">
   <subfield code="l">51450</subfield>
  </datafield>
  <datafield tag="040" ind1=" " ind2=" ">
   <subfield code="a">GR-PeUP</subfield>
  </datafield>
  <datafield tag="082" ind1="0" ind2="0">
   <subfield code="a">670.285</subfield>
  </datafield>
  <datafield tag="100" ind1="1" ind2=" ">
   <subfield code="a">Δεδούσης, Βασίλης.</subfield>
  </datafield>
  <datafield tag="245" ind1="1" ind2="0">
   <subfield code="a">Συστήματα CAD :</subfield>
   <subfield code="h">[Ηλεκτρονικός πόρος]</subfield>
   <subfield code="b">βασικά στοιχεία και εφαρμογές /</subfield>
   <subfield code="c">Βασίλειος Δεδούσης, Ιωάννης Γιαννάτσης, Βασίλειος Κανελλίδης.</subfield>
  </datafield>
  <datafield tag="260" ind1="0" ind2=" ">
   <subfield code="a">Αθήνα :</subfield>
   <subfield code="b">Σύνδεσμος Ελληνικών Ακαδημαϊκών Βιβλιοθηκών,</subfield>
   <subfield code="c">c2015.</subfield>
  </datafield>
  <datafield tag="300" ind1=" " ind2=" ">
   <subfield code="a">1 αρχείο ηλεκρονικού υπολογιστή (269 σ.).</subfield>
  </datafield>
  <datafield tag="490" ind1="1" ind2=" ">
   <subfield code="a">Ακαδημαϊκά Ηλεκτρονικά Συγγράμματα και Βοηθήματα Κάλλιπος ;</subfield>
  </datafield>
  <datafield tag="500" ind1=" " ind2=" ">
   <subfield code="a">Άδεια Creative Commons: Αναφορά - Μη Εμπορική Χρήση - Όχι Παράγωγα Έργα.</subfield>
  </datafield>
  <datafield tag="500" ind1=" " ind2=" ">
   <subfield code="a">Περιέχει γλωσσάριο.</subfield>
  </datafield>
  <datafield tag="504" ind1=" " ind2=" ">
   <subfield code="a">Περιέχει βιβλιογραφία.</subfield>
  </datafield>
  <datafield tag="505" ind1="0" ind2=" ">
   <subfield code="a">1. Σχεδιασμός προϊόντων και συστήματα CAD -- 2. Βασικά στοιχεία τεχνικού κατασκευαστικού σχεδίου -- 3. Στοιχεία προγραμματισμού γραφικών -- 4. Τεχνικές γεωμετρικών αναπαραστάσεων -- 5. Παράδειγμα παραμετρικής σχεδίασης με χαρακτηριστικά -- 6. Σχεδιασμός προσανατολισμένος στην παραγωγή -- 7. Ολοκληρωμένη παραγωγή και συστήματα διαχείρισης δεδομένων.</subfield>
  </datafield>
  <datafield tag="516" ind1="8" ind2=" ">
   <subfield code="a">Aρχείο πλήρους κειμένου (PDF).</subfield>
  </datafield>
  <datafield tag="520" ind1="0" ind2=" ">
   <subfield code="a">Το προτεινόμενο βιβλίο αποτελεί μια περιεκτική εισαγωγή στην τεχνολογία και τη μεθοδολογία του Σχεδιασμού με τη βοήθεια Η/Υ (CAD - Computer Aided Design), δίνοντας έμφαση στις πρακτικές εφαρμογές της συγκεκριμένης τεχνολογίας στις σύγχρονες επιχειρήσεις. Στόχος του βιβλίου είναι η παρουσίαση των βασικών αρχών και στοιχείων των συστημάτων CAD με τρόπο που θα κάνει εφικτή την χρήση των σχετικών εργαλείων και την εξοικείωση με αυτά, από σπουδαστές που δεν διαθέτουν, απαραίτητα, σχετική εκπαίδευση ή εμπειρία/εξοικείωση με τις αρχές και μεθόδους του τεχνικού σχεδίου ή/και του μηχανολογικού σχεδιασμού.Στο πλαίσιο παρουσίασης των βασικών στοιχείων παρουσιάζονται οι κύριες τεχνικές γεωμετρικών αναπαραστάσεων/μοντελοποίησης και τα βασικά στοιχεία προγραμματισμού γραφικών, που αποτελούν τη βάση για την κατανόηση των αρχών λειτουργίας ενός συστήματος CAD. Για την πληρέστερη εξοικείωση με τη συνήθη χρήση των συστημάτων CAD, παρουσιάζονται επίσης κάποια βασικά στοιχεία τεχνικού κατασκευαστικού σχεδίου, καθώς και τα κύρια μέρη του απαιτούμενου εξοπλισμού.Στο πεδίο των εφαρμογών περιλαμβάνεται αρχικά μια σύντομη εισαγωγή στη διαδικασία και τις μεθόδους σχεδιασμού προϊόντων. Το συγκεκριμένο θέμα εξειδικεύεται στη συνέχεια παρουσιάζοντας τη μεθοδολογία του Σχεδιασμού για Παραγωγή/Συναρμολόγηση (DFM/A - Design for Manufacturing/Assembly). Παρουσιάζονται επίσης εφαρμογές των συστημάτων CAD για τη διενέργεια τεχνικών μελετών και ανάλυσης (Computer Aided Engineering) και την εικονική μελέτη (Virtual Engineering). Η χρήση συστημάτων CAD για την υποστήριξη μεθόδων παράλληλου (concurrent) και συνεργατικού (collaborative) σχεδιασμού παρουσιάζεται επίσης συνοπτικά. Τέλος, στο πλαίσιο της ολοκληρωμένης παραγωγής χρησιμοποιώντας Η/Υ (CIM - Computer Integrated Manufacturing), παρουσιάζεται ο ρόλος των συστημάτων CAD και οι μέθοδοι διασύνδεσής των με συγγενείς τεχνολογίες (CAM, ρομπότ) καθώς και η σχέση τους με τα συστήματα διαχείρισης δεδομένων (PDM - Product Data Management).</subfield>
  </datafield>
  <datafield tag="533" ind1=" " ind2=" ">
   <subfield code="a">Ηλεκτρονικό βιβλίο</subfield>
   <subfield code="b">Τρόπος πρόσβασης μέσω διαδικτύου.</subfield>
  </datafield>
  <datafield tag="650" ind1=" " ind2="4">
   <subfield code="a">CAD/CAM systems.</subfield>
  </datafield>
  <datafield tag="650" ind1=" " ind2="4">
   <subfield code="a">CAD/CAM συστήματα.</subfield>
  </datafield>
  <datafield tag="650" ind1=" " ind2="4">
   <subfield code="a">Λειτουργικά συστήματα.</subfield>
  </datafield>
  <datafield tag="650" ind1=" " ind2="4">
   <subfield code="a">Λειτουργικά συστήματα ηλεκτρονικών υπολογιστών.</subfield>
  </datafield>
  <datafield tag="650" ind1=" " ind2="4">
   <subfield code="a">Operating systems (Computers).</subfield>
  </datafield>
  <datafield tag="650" ind1=" " ind2="4">
   <subfield code="a">Ολοκληρωμένη παραγωγή με ενσωμάτωση υπολογιστών.</subfield>
  </datafield>
  <datafield tag="650" ind1=" " ind2="4">
   <subfield code="a">Computer Integrated Manufacturing Systems.</subfield>
  </datafield>
  <datafield tag="650" ind1=" " ind2="4">
   <subfield code="a">Σχεδίαση με τη χρήση ηλεκτρονικού υπολογιστή.</subfield>
  </datafield>
  <datafield tag="650" ind1=" " ind2="4">
   <subfield code="a">Computer graphics.</subfield>
  </datafield>
  <datafield tag="650" ind1=" " ind2="4">
   <subfield code="a">Computer-aided engineering.</subfield>
  </datafield>
  <datafield tag="655" ind1=" " ind2="4">
   <subfield code="a">Electronic books.</subfield>
  </datafield>
  <datafield tag="700" ind1="1" ind2=" ">
   <subfield code="a">Γιαννάτσης, Γιάννης.</subfield>
  </datafield>
  <datafield tag="700" ind1="1" ind2=" ">
   <subfield code="a">Κανελλίδης, Βασίλειος.</subfield>
  </datafield>
  <datafield tag="830" ind1=" " ind2=" ">
   <subfield code="a">Ακαδημαϊκά Ηλεκτρονικά Συγγράμματα και Βοηθήματα Κάλλιπος.</subfield>
  </datafield>
  <datafield tag="852" ind1=" " ind2=" ">
   <subfield code="a">INST</subfield>
   <subfield code="b">UNIPILB</subfield>
   <subfield code="c">EBOOKS</subfield>
   <subfield code="e">20190304</subfield>
   <subfield code="p">00b51450</subfield>
   <subfield code="q">00b51450</subfield>
   <subfield code="t">ONLINE</subfield>
   <subfield code="y">0</subfield>
  </datafield>
  <datafield tag="856" ind1="7" ind2="8">
   <subfield code="a">Kallipos</subfield>
   <subfield code="u">http://hdl.handle.net/11419/4500</subfield>
  </datafield>
  <datafield tag="856" ind1="7" ind2="8">
   <subfield code="a">Amelib</subfield>
   <subfield code="u">https://amelib.seab.gr/archive/item/16479</subfield>
  </datafield>
 </record>
</collection>
